000 00845nam a2200265 a 4500
001 BRCA_5145
005 20190320204947.0
008 221110s1950----sp-a######---#000-0#spa-#
041 _aspa
044 _asp
050 4 _aNA5811
_b.M66 6 1950
100 1 _aTorres Balbás, L.
_913148
245 1 0 _aLa Alhambra y el Generalife
_cpor L. Torres Balbás.
260 _aMadrid
_bPlus-Ultra
_c[1950?]
300 _a158 p.
_bil.
_c22 cm.
440 0 _aLos monumentos cardinales de España
_v7
_913149
500 _aVer también C24, E2, E3, E18, E19, E20, E22, E23, E24, E25, E26, E27
500 _aE21
504 _aIncluye referencias bibliográficas
610 2 4 _aPalacio de Generalife (Granada, España)
_913150
650 1 4 _aArquitectura
_zGranada, España
_913151
651 4 _aEspaña
_zAlhambra
_913152
902 _aGFM
942 _2lcc
_cB
999 _c4839
_d4839